|
|
|
|
| LEADER |
01658nam a2200385 a 4500 |
| 001 |
000085009 |
| 003 |
CZ BrMZK |
| 005 |
20250328084212.0 |
| 007 |
ta |
| 008 |
960815s1996 xr a f cze d |
| 015 |
|
|
|a cnb000146598
|
| 020 |
|
|
|a 80-01-01493-2
|
| 035 |
|
|
|a (OCoLC)37673553
|
| 040 |
|
|
|a BOA001
|b cze
|
| 080 |
|
|
|a 628.1(076.5)
|2 MRF
|
| 100 |
1 |
|
|a Houšková, Marta,
|d 1947-
|7 ntka172638
|4 aut
|
| 245 |
1 |
0 |
|a Technická zařízení budov I :
|b zdravotní technika : cvičení /
|c Marta Houšková, Markéta Petrová, Vladimír Jelínek
|
| 250 |
|
|
|a Vyd. 3.
|
| 260 |
|
|
|a Praha :
|b Vydavatelství ČVUT,
|c 1996
|
| 300 |
|
|
|a 99 s. :
|b il. ;
|c 29 cm
|
| 500 |
|
|
|a Určeno pro posl. staveb. fak.
|
| 500 |
|
|
|a Dotisk v roce 1998
|
| 504 |
|
|
|a Obsahuje bibliografii
|
| 500 |
|
|
|a Dostupné též v digitální podobě v aplikaci Kramerius
|
| 653 |
0 |
|
|a budovy
|a technická zařízení
|a zdravotnická technika
|
| 700 |
1 |
|
|a Petrová, Markéta
|7 jx20080901011
|4 aut
|
| 700 |
1 |
|
|a Jelínek, Vladimír,
|d 1939-
|7 jn19990216083
|4 aut
|
| 856 |
4 |
1 |
|u http://www.digitalniknihovna.cz/mzk/uuid/uuid:ec2c0020-0fb1-11f0-ba45-005056827e52
|y Digitalizovaný dokument
|x NDK
|
| 910 |
|
|
|a BOA001
|b 4-1022.831
|b TK-A-0262.787
|
| 920 |
|
|
|a 000286810
|
| 964 |
|
|
|a Technika zdravotnická
|x cvičení
|x školy vysoké
|
| 990 |
|
|
|a BK
|
| 996 |
7 |
|
|b 2610039360
|c 4-1022.831
|l MZK
|r Sklad / do 1 hodiny
|n 27
|p p.v.
|w 000085009
|u 000010
|a 1
|e BOA001
|j MZK50
|s A
|
| 996 |
7 |
|
|b 2620009844
|c TK-A-0262.787
|l MZK
|r Sklad / do 24 hodin
|n 12
|p kup
|w 000085009
|u 000020
|a 1
|e BOA001
|j MZK50
|s A
|
| 996 |
7 |
|
|b 2620009845
|c TK-A-0262.787
|l MZK
|r Sklad / do 24 hodin
|n 7
|p kup
|w 000085009
|u 000030
|a 1
|e BOA001
|j MZK50
|s A
|